00722nam a2200241 a 4500001001300000003000900013005001700022008004100039020001000080082001700090100002600107245003000133260004100163300000800204500003500212505004100247650001900288700002600307902000800333942000700341952011700348999001500465nice12345678IN_TiNIC20260116011759.0050524s0000 luca grp 000 0 eng  ac10000a297.297bNAD aNadvi, Abul Hasan Ali aNew Menace and Its Answer aLucknowbGulzar-E-syedi Press c0000 a17p aincludes index and biblioraphy2 aMiddle eastern world held at asmara, aIslam-apostasy1 aNadvi, Abul Hasan Ali bSRS cBK 001040708StackRoom-aHMIbHMId2007-07-26g100.00l0o297.297 NADp05375r2007-07-26v100.00w2005-05-24yBK c3903d3903